logo

CRONICA ARTILLERA DE LA CAMPAÑA DE MELILLA DE 1909 VOL I: TEXTO (Record no. 67166)

MARC details
000 -CABECERA
campo de control de longitud fija 00477nam a2200169Ia 4500
001 - NÚMERO DE CONTROL
campo de control 31820
005 - FECHA Y HORA DE LA ÚLTIMA TRANSACCIÓN
campo de control 20260407100257.0
008 - CÓDIGOS DE INFORMACIÓN DE LONGITUD FIJA
campo de control de longitud fija 260115s9999 xx 000 0 und d
010 ## - NÚMERO DE CONTROL DE LA BIBLIOTECA DEL CONGRESO
Número de control de LC 67166
035 ## - NÚMERO DE CONTROL DEL SISTEMA
Número de control de sistema 21532
100 ## - PUNTO DE ACCESO PRINCIPAL - NOMBRE DE PERSONA
Nombre de persona IMPRENTA DE EDUARDO ARIAS
245 #0 - MENCIÓN DE TÍTULO
Título CRONICA ARTILLERA DE LA CAMPAÑA DE MELILLA DE 1909 VOL I: TEXTO
260 ## - PUBLICACIÓN, DISTRIBUCIÓN, ETC. (PIE DE IMPRENTA)
Nombre del editor distribuidor etc. IMPRENTA DE EDUAARDO ARIAS
Fecha de publicación distribución etc. 1910
630 ## - PUNTO DE ACCESO ADICIONAL DE MATERIA--TÍTULO UNIFORME
Título uniforme HISTORIA MILITAR. OPERACIONES BELICAS
650 ## - PUNTO DE ACCESO ADICIONAL DE MATERIA--TÉRMINO DE MATERIA
Término de materia o nombre geográfico como elemento inicial HISTORIA MILITAR
942 ## - ELEMENTOS DE PUNTO DE ACCESO ADICIONAL (KOHA)
Tipo de ítem Koha Monografías
Holdings
Estado de retiro Estado de pérdida Estado dañado No para préstamo Código de colección Localización permanente Ubicación/localización actual Ubicación en estantería Fecha de adquisición Número de inventario Número de registro Total de préstamos Signatura topográfica completa Código de barras Fecha visto por última vez Número de copia Precio válido a partir de Tipo de ítem Koha Nota pública
          Servicio de Estudios Históricos Servicio de Estudios Históricos   23/06/2016 28602 28602   21532 FH_31820 05/02/2026 1 05/02/2026 Monografías 26 X 18 CTMS, 475 PGS